| 000 | 00350 a2200157 4500 | ||
|---|---|---|---|
| 001 | 75665 | ||
| 020 | _a978855030194-5 | ||
| 040 | _cAnchieta - Colégio São Paulo | ||
| 100 | _aDonnelly, Jennifer | ||
| 240 | 1 | 0 |
_aA Bela e a Fera _lpor |
| 245 | 1 | 0 | _aA Bela e a Fera |
| 300 | _a303 | ||
| 362 | 0 | _a2017 | |
| 650 | 4 | _aLiteratura juvenil | |
| 942 | _cBK | ||
| 999 |
_c75665 _d75665 |
||